Chansons de Michel Sardou - Mort subite - Statistiques

Statistiques générales
  • Ce quiz a été pris 3 290 fois
    3 284 depuis la dernière actualisation
  • Le résultat moyen est 10 sur 15
Answers on the Grid
Answers color-coded by a green-red scale on the quiz's grid according to % correct below.
Je viens du Sud
Gabrielle
Les lacs du Connemara
Encore un matin
Vladimir Illitch
Mon fils, ma bataille
La Maladie d'amour
Le paradis blanc
Musulmanes
Je t'aimais, je t'aime, je t'aimerai
Etre une femme
Capri, c'est fini
J'habite en France
Sapés comme jamais
En chantant
La fête
Que Marianne était jolie
La java de Broadway
La bohême
Le rire du Sergent
Le Sud
Les bals populaires
Je vais t'aimer
Les mots bleus
Le France
Le dernier jour du Disco
J'ai demandé à la lune
Je vole
En feu
Les Ricains
 
Statistiques - réponses
Réponse % Correct
Les lacs du Connemara
84%
La Maladie d'amour
79%
En chantant
78%
La java de Broadway
76%
Etre une femme
74%
Je vais t'aimer
72%
Je vole
67%
Le France
63%
Le rire du Sergent
62%
Les bals populaires
62%
Les Ricains
61%
Musulmanes
59%
Vladimir Illitch
55%
J'habite en France
53%
Je viens du Sud
50%
Aucun quiz correspondant
Distribution des résultats
% des personnes avec chaque résultat
Percentile par nombre de réponses
Votre historique - résultats
Vous n’avez pas pris ce quiz depuis la dernière actualisation